| 000 | 00516cam a22001457a 4500 | ||
|---|---|---|---|
| 008 | 180718b1953 xxu||||| |||| 00| 0 eng d | ||
| 082 | _aB2x42 M831 | ||
| 100 | _aMorris, Christopher | ||
| 245 |
_aPolitical thought in England: Tyndale to Hooker _cby Christopher Morris |
||
| 260 |
_aLondon _bOxford University Press _c1953 |
||
| 300 | _ax, 220p | ||
| 440 | _aThe home university library of modern knowledge; 225 | ||
| 650 | _aChurch and state --Great Britain. | ||
| 650 | _aPolitical science --Great Britain --History | ||
| 999 |
_c420079 _d420079 |
||